| 000 | 00538nam a2200145Ia 4500 | ||
|---|---|---|---|
| 008 | 170221s9999 xx 000 0 und d | ||
| 100 | _aVera P. Samarina | ||
| 245 | _aSome Problems of Anti-recessionary Public Management in Russia at Present | ||
| 245 | _cVera P. Samarina, Tatiana P. Skufina, Aleksandr V. Samarin, Sergey V. Baranov | ||
| 260 | _bInternational Review of Management and Marketing | ||
| 260 | _c2016 | ||
| 300 | _a15 : 14 | ||
| 650 | _xMarketing. | ||
| 856 | _uhttp://www.econjournals.com/index.php/irmm/issue/view/86 | ||
| 999 |
_c312280 _d312280 |
||